000 01026nam0a2200277 4500
001 RU\NLR\bibl\481269
005 20250623192730.0
021 _aRU
_b2003-62268
_93052
035 _a(NLR Aleph) 000474085
090 _a1012063
_c1012063
100 _a20040120d2003 |||y0rusy50 ca
101 0 _arus
102 _aRU
105 _aac |||||||||
200 1 _aДобрый след на Земле
_e45 лет на страже здоровья человека и животных
_fГирей-Хан Зулумов
210 _aМахачкала
_cЮпитер
_d2003
215 _a175 с., [16] л. ил., цв. ил., портр.
_d21
600 1 _aОмаров
_bЛ.О.
_f1934
_gЛабазан Омарович
_92322106
_3RU\NLR\auth\661389152
686 _aП8д(2)Омаров
700 1 _aЗулумов
_bГ. -Х.А.
_gГирей-Хан Алевович
_4070
801 0 _aRU
_bNLR
_c20040120
_gPSBO
801 1 _aRU
_bNLR
_c20040120
942 _cBOOK
980 _aNB
980 _aNBR